000 00932nas a2200301 4500
001 BR9902413
003 BR-BrBNA
005 20231205101411.0
007 ta
008 230509b bl.|||p| |||| 00| 00por d
040 _aBR-BrBNA
_bpor
_cBiblioteca Nacional de Agricultura
041 _a(Pt)
072 _aL70
100 1 _aGalvao, S.R.
100 1 _aCarlo, R.J. del
100 1 _aVargas, M.I.
100 1 _aMaia Filho, A.
100 1 _aGueiros, V.A.
245 1 _aAvaliacao das alteracoes osseas apos emprego de placas ortopedicas de aco inoxidavel e placas confeccionadas a partir de policloreto de vinila (PVC)na mandibula de caes
650 _aCao
650 _aVeterinaria
650 _aMandibula
650 _aCirurgia
650 _aOsso
773 0 _tVeterinaria Noticias (Brazil)
_xISSN 0104-3463
_g(1999), v. 5(1) p. 25-33
_wBR9902413
909 _a202311
_bLúcia
_c55
_dLúcia Elande
942 _2AGRIS
_n0
_cANA
999 _c161595
_d161595